The Tomb of Huy, Viceroy of Nubia in the reign of Tut'ankhamūn ... Copied in line and colour by Nina de Garis Davies, and with explanatory text by Alan H. Gardiner

محفوظ في:

المؤلف الرئيسي: Alan Henderson Gardiner

مؤلفون آخرون: Nina M. Cummings Davies ---- Egypt Exploration Societr

التنسيق: كتاب

اللغة: Undetermined

منشور في: London Egypt Exploration Society 1926

سلاسل: Theban Tombs Series. Fourth memoir.

الوسوم: إضافة وسم

لا توجد وسوم, كن أول من يضع وسما على هذه التسجيلة!

رقم الطلب: (F) DT73 .T3 T5

LEADER 00944nam a2200169Ia 4500
008 220904s9999||||xx |||||||||||||| ||und||
050 |a (F) DT73 .T3 T5 
100 1 |a  Alan Henderson Gardiner 
245 1 4 |a The Tomb of Huy, Viceroy of Nubia in the reign of Tut'ankhamūn ... Copied in line and colour by Nina de Garis Davies, and with explanatory text by Alan H. Gardiner  |c Alan Henderson Gardiner, Nina M. Cummings Davies ---- Egypt Exploration Societr 
264 1 |a London  |b  Egypt Exploration Society  |c 1926 
300 |a 2P. ., 42.P  |b 1 illus, xl pl. (i.e60) (incl front part col, part double)   |c 31cm 
490 0 |a  Theban Tombs Series. Fourth memoir. 
504 |a Includes bibliographical referencesn and indexes  
700 1 |a Nina M. Cummings Davies ---- Egypt Exploration Societr 
942 |2 lcc  |c BK 
952 |0 0  |1 0  |2 lcc  |3 V.4  |4 0  |7 1  |9 42718  |a ARCE  |b ARCE  |d 2022-09-04  |l 0  |o (F) DT73 .T3 T5  |p 1031791  |r 2022-09-04 00:00:00  |w 2022-09-04  |y BK 
999 |c 49391  |d 49391